000 00741nam a2200229Ia 4500
003 GCL
008 140319s9999 xx 000 0 ara d
040 _aGCL /
_cGCL
082 0 4 _a791.43
_bخ ت
100 1 _aخميس خياط
245 1 0 _aتاملات فى السينما الفلسطينية /
_cخميس خياط
260 _aالقاهرة :
_bصندوق التنمية الثقافية
300 _a20 ص ؛
_c24 سم
650 0 4 _aفلسطين
650 0 4 _aالفنون
650 0 4 _aالافلام السينمائية
650 0 4 _aالاخراج السينمائى
650 0 4 _aالجوانب السياسية
650 0 4 _aالافلام التسجيلية
650 0 4 _aتاريخ ونقد
942 _2ddc
_cBK
999 _c58859
_d58859